[Event "IND-chT 40th"]
[Site "Ahmedabad"]
[Date "2020.02.10"]
[Round "5.3"]
[White "Rahul, Srivatshav P"]
[Black "Trivedi Karan, R."]
[Result "1-0"]
[WhiteElo "2474"]
[BlackElo "1956"]
[PlyCount "93"]
[EventDate "2020.02.07"]
[EventType "team-swiss"]
[EventRounds "9"]
[EventCountry "IND"]
[SourceTitle "CBM 194 Extra"]
[Source "ChessBase"]
[SourceDate "2020.03.31"]
[SourceVersion "1"]
[SourceVersionDate "2020.03.31"]
[SourceQuality "1"]
[WhiteTeam "Telangana"]
[BlackTeam "Gujarat"]
[WhiteTeamCountry "IND"]
[BlackTeamCountry "IND"]

1. Nf3 Nf6 2. c4 e6 3. g3 b6 4. Bg2 Bb7 5. 0-0 Be7 6. b3 0-0 7. Nc3 c5 8. Bb2 d6 9. d4 a6 10. d5 e5 11. a4 Ne8 12. e4 g6 13. Ne1 Nd7 14. Nd3 Bf6 15. Qe2 Bg7 16. Kh1 h5 17. Nd1 h4 18. f4 hxg3 19. hxg3 exf4 20. gxf4 Qh4+ 21. Kg1 Nef6 22. Rf3 Rae8 23. N1f2 Nh5 24. Bxg7 Kxg7 25. Qb2+ Kg8 26. Re1 Bc8 27. Rh3 Qf6 28. e5 dxe5 29. fxe5 Qg7 30. Rhe3 f5 31. e6 Ndf6 32. a5 f4 33. Re5 g5 34. Nh3 Nh7 35. Be4 N5f6 36. Qg2 f3 37. Bxh7+ Nxh7 38. Qg3 g4 39. Nhf2 Nf6 40. Nf4 bxa5 41. Nh5 Nxh5 42. Rxh5 Rf6 43. Re4 Rg6 44. Rh4 Re7 45. Rexg4 Qa1+ 46. Kh2 Rxg4 47. Rxg4+ 1-0

[Event "Rajkot RCPA op 2nd"]
[Site "Rajkot"]
[Date "2019.08.15"]
[Round "4"]
[White "Shubham, Pravinbhai Makwana"]
[Black "Trivedi Karan, R."]
[Result "0-1"]
[WhiteElo "1399"]
[BlackElo "1886"]
[PlyCount "74"]
[EventDate "2019.08.13"]
[EventType "swiss"]
[EventRounds "10"]
[EventCountry "IND"]
[SourceTitle "EXT 2021"]
[Source "ChessBase"]
[SourceDate "2020.10.23"]
[SourceVersion "1"]
[SourceVersionDate "2020.10.23"]
[SourceQuality "1"]

1. e4 e6 2. d4 d5 3. exd5 exd5 4. Nf3 Bd6 5. h3 Ne7 6. Bd3 Nbc6 7. a3 Be6 8. Nc3 a6 9. Ng5 Qd7 10. Be3 0-0-0 11. Qe2 Kb8 12. b4 Na7 13. 0-0 Ng6 14. Nxe6 Qxe6 15. Bg5 Qxe2 16. Bxe2 f6 17. Be3 c6 18. Na4 Nc8 19. c4 dxc4 20. Bxc4 b5 21. Nc5 Bxc5 22. bxc5 bxc4 23. Rfb1+ Ka8 24. Rb4 Nce7 25. Rxc4 Nd5 26. Bd2 Rb8 27. Ra4 Ka7 28. Bb4 Rhe8 29. g3 Re4 30. Rd1 Nge7 31. Kf1 Nf5 32. Ba5 Rb2 33. Bd2 Rxd4 34. Rxd4 Nxd4 35. Ba5 Nb3 36. Bb6+ Kb7 37. Ke1 Ra2 0-1

[Event "IND-ch Challengers 55th"]
[Site "Ahmedabad"]
[Date "2017.08.13"]
[Round "1"]
[White "Trivedi Karan, R."]
[Black "Lalith, Babu MR"]
[Result "0-1"]
[WhiteElo "1827"]
[BlackElo "2529"]
[PlyCount "58"]
[EventDate "2017.08.13"]
[EventType "swiss"]
[EventRounds "13"]
[EventCountry "IND"]
[SourceTitle "CBM 180 Extra"]
[Source "ChessBase"]
[SourceDate "2017.10.06"]
[SourceVersion "1"]
[SourceVersionDate "2017.10.06"]
[SourceQuality "1"]

1. e4 g6 2. d4 Bg7 3. Nf3 c6 4. Nc3 d6 5. h3 Nf6 6. a4 a5 7. Be2 0-0 8. 0-0 Qc7 9. Bf4 Nh5 10. Bh2 e5 11. Qd2 Na6 12. Rad1 Nb4 13. g4 Nf4 14. Bxf4 exf4 15. Qxf4 Nxc2 16. Rd2 Nb4 17. h4 Qd7 18. Nh2 Qe7 19. Qg3 d5 20. exd5 Nxd5 21. Nxd5 cxd5 22. Bb5 Bd7 23. Bxd7 Qxd7 24. b3 Rfe8 25. Rfd1 Rac8 26. Rd3 Re4 27. f3 Re2 28. Re1 Qe7 29. Kf1 Rcc2 0-1